Príjmové nerovnosti ako príčina svetovej finančnej a ekonomickej krízy

Analýza predpokladu, že rastúce príjmové nerovnosti boli jednou z hlavných príčin vzniku svetovej finančnej a ekonomickej krízy. Skúmanie vývoja príjmových nerovností v USA a identifikácia hlavných príčin výrazného nárastu príjmových nerovností v tejto ekonomike za posledných 30 rokov. Vymedzenie zá...

Description complète

Enregistré dans:
Détails bibliographiques
Auteur principal: Vašková, Miriama
Format: Chapitre de livre
Langue:slovaque
Sujets:
Tags: Ajouter un tag
Pas de tags, Soyez le premier à ajouter un tag!

MARC

LEADER 00000nla a2200000 4500
001 0180705
005 20240507082029.6
041 0 |a slo 
044 |a SK 
245 1 0 |a Príjmové nerovnosti ako príčina svetovej finančnej a ekonomickej krízy  |c Miriama Vašková 
520 |a Analýza predpokladu, že rastúce príjmové nerovnosti boli jednou z hlavných príčin vzniku svetovej finančnej a ekonomickej krízy. Skúmanie vývoja príjmových nerovností v USA a identifikácia hlavných príčin výrazného nárastu príjmových nerovností v tejto ekonomike za posledných 30 rokov. Vymedzenie základných postulátov a hypotéz teoretických koncepcií považujúcich rastúce príjmové nerovnosti za primárnu príčinu krízy.Podstata transmisného mechanizmu, ktorým rastúce príjmové nerovnosti viedli k vzniku svetovej finančnej a následne ekonomickej krízy. 
610 2 0 |a kríza finančná 
610 2 0 |a USA 
610 2 0 |a kríza hospodárska 
610 2 0 |a príjmy obyvateľstva 
610 2 0 |a nerovnosť sociálna 
610 2 0 |a diferenciácia mzdová 
610 2 0 |a nerovnováha hospodárska 
100 1 |a Vašková, Miriama